| 000 | 00871cam a2200217 4500 | ||
|---|---|---|---|
| 001 | ABS60769 | ||
| 008 | 000000n1999 000 0 eng u | ||
| 035 | _a(Sirsi) u101266 | ||
| 100 | _aWhitehead, C. | ||
| 245 | _aFooting the bill for affordable homes. | ||
| 260 | _c1999 | ||
| 490 |
_aPlanning (for the Natural and Built Environment) _v(1320) 28 May 1999, 20-21(2) |
||
| 520 | _aFocuses on government targets for affordable housing and asks who will bear the cost of providing such housing. Also suggests that the government's emphasis on the re-use of brownfield sites, which increases the cost of provision, conflicts with the policy on affordable housing. | ||
| 650 | _aBROWNFIELD SITES | ||
| 650 | _aSOCIAL HOUSING | ||
| 650 | _aSOCIAL RENTED SECTOR | ||
| 650 | _aPLANNING SYSTEM | ||
| 690 | _aHOUSING-DEVELOPMENT | ||
| 700 | _aCrook, T. | ||
| 942 | _n0 | ||
| 999 |
_c60419 _d60419 |
||